000 00581nam a2200181Ia 4500
008 090124s9999 xx 000 0 und d
082 _b22740
_a1671
100 _aवाळिंबे वि.स.
245 _a रायबरेली व त्यानंतर
250 _a1
260 _c1978
300 _a180
600 _aवाळिंबे वि.स.
630 _a रायबरेली व त्यानंतर
700 _aवाळिंबे वि.स.
730 _a रायबरेली व त्यानंतर
942 _cBOOK
999 _c136364
_d136364